Statistics for Cold War Trivia #1

Click here to take the quiz!

General Stats

  • This quiz has been taken 33,893 times
    (13,051 since last reset)
  • The average score is 15 of 20

Answer Stats

Hint Answer % Correct
Wall built in 1961{Berlin} Wall
97%
The H in H-BombHydrogen
94%
Theoretical line dividing EuropeIron {Curtain}
93%
Communist leader of CubaFidel Castro
92%
1962 nuclear stand-off{Cuban} Missile
Crisis
91%
Soviet leader at the start of
the Cold War
Joseph Stalin
88%
American spy agencyCIA
88%
Treaty between the USSR and allies{Warsaw} Pact
85%
Soviet spy agencyKGB
82%
Western military allianceNATO
81%
Author of "Nineteen Eighty-Four"George Orwell
79%
Famous crossing in the aboveCheckpoint {Charlie}
77%
British spy agencyMI6
71%
What was "mutually assured" in the
event of a nuclear war
Destruction
67%
U.S. plan to rebuild Europe after WWII{Marshall} Plan
66%
Communist leader of CambodiaPol Pot
66%
Theory of "toppling" countries that led
to American intervention in Vietnam
{Domino} Theory
55%
Russian reform of "openness"
introduced in 1985
Glasnost
47%
U.S. Secretary of State (1973-77)Henry Kissinger
46%
Czechoslovakian revolt of 1968{Prague} Spring
41%

Score Distribution

Percentile by Number Answered

Percent of People with Each Score

Your Score History

You have not taken this quiz since the last reset